LEADER 01367nam--2200373---450- 001 990002471420203316 005 20081201144035.0 010 $a88-387-2781-3 035 $a000247142 035 $aUSA01000247142 035 $a(ALEPH)000247142USA01 035 $a000247142 100 $a20050914d2005----km-y0itay0103----ba 101 $aita 102 $aIT 105 $a||||||||001yy 200 1 $a<> gestione informatica del protocollo, dei documenti e degli archivi$eguida alla disciplina normativa e tecnica aggiornata con il D.Lgs. 7 marzo 2005 n.82 (Codice dell'amministrazione digitale)$fDimitri Brunetti$gcontributi di Antonio Ciccia ... [et al.] 210 $aSantarcangelo di Romagna$cMaggioli$dcopyr. 2005 215 $a539 p.$c24 cm 225 2 $aProgetto ente locale$v91 410 0$12001$aProgetto ente locale$v91 606 $aEnti locali$xServizi$xAutomazione 676 $a342.4506620285 700 1$aBRUNETTI,$bDimitri$0552344 702 1$aCICCIA,$bAntonio 801 0$aIT$bsalbc$gISBD 912 $a990002471420203316 951 $a342.450 BRU 1 (IRA 20 185)$b47384 G.$cIRA 20$d00182212 959 $aBK 969 $aECO 979 $aMARIASEN$b90$c20050914$lUSA01$h1644 979 $aRSIAV2$b90$c20081201$lUSA01$h1440 996 $aGestione informatica del protocollo, dei documenti e degli archivi$91059696 997 $aUNISA LEADER 04809nam 2200709 a 450 001 9910959458503321 005 20251117084959.0 010 $a9783110954401 010 $a3110954400 024 7 $a10.1515/9783110954401 035 $a(CKB)2670000000249651 035 $a(EBL)3041074 035 $a(SSID)ssj0000625645 035 $a(PQKBManifestationID)11377179 035 $a(PQKBTitleCode)TC0000625645 035 $a(PQKBWorkID)10614833 035 $a(PQKB)10710941 035 $a(MiAaPQ)EBC3041074 035 $a(WaSeSS)Ind00019423 035 $a(DE-B1597)48156 035 $a(OCoLC)870416239 035 $a(OCoLC)979629953 035 $a(DE-B1597)9783110954401 035 $a(Au-PeEL)EBL3041074 035 $a(CaPaEBR)ebr10591400 035 $a(Perlego)1153506 035 $a(EXLCZ)992670000000249651 100 $a20121212d2000 uy 0 101 0 $ager 135 $aurnn#---|u||u 181 $ctxt 182 $cc 183 $acr 200 00$aPrinz Albert und die Entwicklung der Bildung in England und Deutschland im 19. Jahrhundert $ePrince Albert and the development of education in England and Germany in the 19th century /$fherausgegeben von Franz Bosbach, William Filmer-Sankey und Hermann Hiery ; unter Mitarbeit von Thomas Brockmann 205 $aReprint 2011 210 $aMu?nchen $cK.G. Saur$d2000 215 $a1 online resource (256 p.) 225 1 $aPrinz-Albert-Studien = Prince Albert studies,$x0941-6242 ;$vBd. 18 300 $aDescription based upon print version of record. 311 0 $a9783598214189 311 0 $a3598214189 320 $aIncludes bibliographical references. 327 $tFront matter --$tVerzeichnis der Abbildungen/List of Illustrations --$tVorwort /$rBosbach, Franz / Filmer-Sankey, William / Hiery, Hermann --$tThe Contribution of Prince Albert to British Education /$rHobhouse, Hermione --$tGerman Governesses in England /$rHardach-Pinke, Irene --$tThe Dissemination of Friedrich Froebel's Kindergarten Ideology in Britain 1850-1900 /$rRead, Jane --$t"Germany presents the finest model in the world": E.R. Robson and the Influence of German School Planning in Later 19th Century England /$rFilmer-Sankey, William --$tElementarschulen in Deutschland und ihre Gebäude - Das Beispiel Berlin /$rKemnitz, Heidemarie --$tDie Entwicklung des preußisch-deutschen Gymnasiums im 19. Jahrhundert (1800-1918) /$rApel, Hans Jürgen --$tPutting the ,S' in the 'Three R,s' /$rBrock, William ?. --$t"A new college worthy of our aspirations and resources": Dulwich College, William Rogers, Alfred Carver and Charles Barry (Junior) /$rPiggott, Jan R. --$tTechnische Fachbildung im 19. Jahrhundert in Deutschland /$rHarney, Klaus --$tPutting South Kensington to Work: the Department of Science and Art /$rBurton, Anthony --$tDesign Education in the Provinces: Converting Principles into Practice /$rBosomworth, Dorothy --$tPolitics and Reform: The British Universities /$rBriggs, Asa --$tVom Ideal der Humboldt-Universität zur Praxis des wissenschaftlichen Großbetriebes. /$rMüller, Rainer ?. --$tPrinz Albert als Student in Bonn /$rBecker, Thomas --$tThe Prince Consort and the University of Cambridge /$rBeales, Derek --$tWald und Sumpf. Eine Landkarte der britischen Historismusrezeption /$rBahners, Patrick --$tEvolutionsvorstellungen im 19. Jahrhundert - Bemerkungen zur Geschichte deutsch-britischer/ britisch-deutscher Wissenschaftsbeziehungen /$rBreidbach, Olaf --$tGerman-British Relations in the History of Nineteenth-Century Chemistry: Personal Friendship, Public Science and Private Enterprise /$rFinlay, Mark --$tShakespeare in Germany in the 19th Century /$rVolk-Birke, Sabine --$tThe Reception of Goethe's Work in the 19th Century /$rRöder-Bolton, Gerlinde --$t"More means different?" Contemporary Universities in Context /$rRobbins, Keith --$tAutorenverzeichnis/List of Contributors --$tAbbildungen/Illustrations 330 $aKeine ausführliche Beschreibung für "Prinz Albert und die Entwicklung der Bildung in England und Deutschland im 19. Jahrhundert" verfügbar. 410 0$aPrinz-Albert-Studien ;$vBd. 18. 606 $aEducation$zEngland$xHistory$y19th century$vCongresses 606 $aEducation$zGermany$xHistory$y19th century$vCongresses 615 0$aEducation$xHistory 615 0$aEducation$xHistory 676 $a371 686 $aNP 5700$2rvk 701 $aBosbach$b Franz$0155915 701 $aFilmer-Sankey$b William$01806613 701 $aHiery$b Hermann$01806614 701 $aBrockmann$b Thomas$01806615 801 0$bMiAaPQ 801 1$bMiAaPQ 801 2$bMiAaPQ 906 $aBOOK 912 $a9910959458503321 996 $aPrinz Albert und die Entwicklung der Bildung in England und Deutschland im 19. Jahrhundert$94355892 997 $aUNINA LEADER 04021nam 22006495 450 001 9910299415903321 005 20251230060846.0 010 $a3-319-68240-7 024 7 $a10.1007/978-3-319-68240-2 035 $a(CKB)4100000000881848 035 $a(DE-He213)978-3-319-68240-2 035 $a(MiAaPQ)EBC5097016 035 $a(PPN)220128634 035 $a(EXLCZ)994100000000881848 100 $a20171006d2018 u| 0 101 0 $aeng 135 $aurnn|008mamaa 181 $ctxt$2rdacontent 182 $cc$2rdamedia 183 $acr$2rdacarrier 200 10$aAdvances and Applications in Geospatial Technology and Earth Resources $eProceedings of the International Conference on Geo-Spatial Technologies and Earth Resources 2017 /$fedited by Dieu Tien Bui, Anh Ngoc Do, Hoang-Bac Bui, Nhat-Duc Hoang 205 $a1st ed. 2018. 210 1$aCham :$cSpringer International Publishing :$cImprint: Springer,$d2018. 215 $a1 online resource (XI, 396 p. 197 illus.) 311 08$a3-319-68239-3 320 $aIncludes bibliographical references and index. 327 $aPreface -- Conference Organization -- Part I. Advances in Geospatial Technologies for Mine Surveying and Civil Engineering -- Part II. Advances in Mining, Tunneling, and Geological Exploration -- Part III. Earth Resource Management and Decision Support System -- Index. 330 $aThis book discusses the latest advances and applications in geospatial technologies and earth resources for mine surveying and civil engineering. It also discusses mineral resources management and assesses many techniques such as unmanned aerial vehicles/drones, ground-penetrating radar, geographic information system (GIS) and GIS-based machine learning.   The book gathers the proceedings of the International Conference on Geo-Spatial Technologies and Earth Resources (GTER 2017), which was co-organized by the Hanoi University of Mining and Geology (HUMG) and the International Society for Mine Surveying (ISM) and held in Hanoi, Vietnam, on October 5?6, 2017.   GTER 2017 is technically co-sponsored by the Vietnam Mining Science and Technology Association (VMST), Vietnam Association of Geodesy, Cartography and Remote Sensing (VGCR), Vietnam National Coal-Mineral Industries Holding Corporation Limited (VINACOMIN), and the Dong Bac Corporation (NECO). The event is intended to bring together experts, researchers, engineers, and policymakers to discuss and exchange their knowledges and experiences with modern geospatial technologies, recent advances in mining and tunneling, and the geological and earth sciences.   Given its breadth of coverage, the book will appeal to scientists in the field as well as professionals interested in related technological applications. 606 $aGeotechnical engineering 606 $aEngineering geology 606 $aGeographic information systems 606 $aGeology 606 $aMineralogy 606 $aGeotechnical Engineering and Applied Earth Sciences 606 $aGeoengineering 606 $aGeographical Information System 606 $aGeology 606 $aMineralogy 615 0$aGeotechnical engineering. 615 0$aEngineering geology. 615 0$aGeographic information systems. 615 0$aGeology. 615 0$aMineralogy. 615 14$aGeotechnical Engineering and Applied Earth Sciences. 615 24$aGeoengineering. 615 24$aGeographical Information System. 615 24$aGeology. 615 24$aMineralogy. 676 $a624.151 702 $aTien Bui$b Dieu$4edt$4http://id.loc.gov/vocabulary/relators/edt 702 $aNgoc Do$b Anh$4edt$4http://id.loc.gov/vocabulary/relators/edt 702 $aBui$b Hoang-Bac$4edt$4http://id.loc.gov/vocabulary/relators/edt 702 $aHoang$b Nhat-Duc$4edt$4http://id.loc.gov/vocabulary/relators/edt 906 $aBOOK 912 $a9910299415903321 996 $aAdvances and Applications in Geospatial Technology and Earth Resources$92512543 997 $aUNINA